[Event "Titled Tuesday intern op 11th Jul Early"]
[Site "Chess.com INT"]
[Date "2023.07.11"]
[Round "8"]
[White "Martinez Lopez, David"]
[Black "Sadykov, Ramil"]
[Result "1-0"]
[WhiteElo "2386"]
[BlackElo "2345"]
[PlyCount "89"]
[EventDate "2023.07.11"]
[EventType "swiss (blitz)"]
[EventRounds "11"]
[EventCountry "USA"]
[SourceTitle "EXT 2024"]
[Source "ChessBase"]
[SourceDate "2023.10.10"]
[SourceVersion "1"]
[SourceVersionDate "2023.10.10"]
[SourceQuality "1"]

1. d4 Nf6 2. c4 g6 3. Nc3 d5 4. Nf3 Bg7 5. Qb3 dxc4 6. Qxc4 0-0 7. e4 a6 8. e5 b5 9. Qb3 Nfd7 10. Ng5 e6 11. Nce4 c5 12. Nxh7 Kxh7 13. Qh3+ Kg8 14. Bg5 Qa5+ 15. Bd2 Qa4 16. Ng5 Re8 17. Qf3 Nxe5 18. dxe5 Ra7 19. Bc3 Rd7 20. Ne4 Bb7 21. Nf6+ Bxf6 22. Qxf6 Qe4+ 23. Be2 b4 24. Bd2 Rxd2 25. Kxd2 Qd4+ 26. Ke1 Qxb2 27. Rd1 Nc6 28. Bd3 Qc3+ 29. Kf1 Nxe5 30. Be2 Bd5 31. h4 Nc6 32. Qf4 Qe5 33. Qg4 Qf6 34. h5 Kg7 35. hxg6 fxg6 36. Qh3 Rg8 37. Qh7+ Kf8 38. Bf3 Nd4 39. Bxd5 exd5 40. Re1 Qf7 41. Qh4 g5 42. Qh6+ Qg7 43. Qd6+ Kf7 44. Re7+ Kf8 45. Qd8# 1-0

[Event "Titled Tuesday intern op 04th Jul Late"]
[Site "Chess.com INT"]
[Date "2023.07.04"]
[Round "7"]
[White "Martinez Lopez, David"]
[Black "Alahakoon, Isuru"]
[Result "0-1"]
[WhiteElo "2386"]
[BlackElo "1806"]
[PlyCount "52"]
[EventDate "2023.07.04"]
[EventType "swiss (blitz)"]
[EventRounds "11"]
[EventCountry "USA"]
[SourceTitle "EXT 2024"]
[Source "ChessBase"]
[SourceDate "2023.10.10"]
[SourceVersion "1"]
[SourceVersionDate "2023.10.10"]
[SourceQuality "1"]

1. d4 d5 2. c4 e6 3. Nc3 Nf6 4. cxd5 exd5 5. Bg5 c6 6. e3 Bd6 7. Bd3 0-0 8. Nf3 Re8 9. 0-0 Bg4 10. Rb1 Nbd7 11. b4 Qc7 12. h3 Bh5 13. Be2 h6 14. Bxf6 Nxf6 15. b5 c5 16. Rc1 c4 17. a4 Ba3 18. Rc2 Bg6 19. Ra2 Bb4 20. Qc1 Qa5 21. Nd1 Rac8 22. Ne5 Bf5 23. g4 Bh7 24. h4 c3 25. g5 c2 26. Nb2 Bd2 0-1

[Event "Titled Tuesday intern op 04th Jul Early"]
[Site "Chess.com INT"]
[Date "2023.07.04"]
[Round "9"]
[White "Martinez Lopez, David"]
[Black "Pakhomova, Ekaterina"]
[Result "1-0"]
[WhiteElo "2386"]
[BlackElo "2030"]
[PlyCount "45"]
[EventDate "2023.07.04"]
[EventType "swiss (blitz)"]
[EventRounds "11"]
[EventCountry "USA"]
[SourceTitle "EXT 2024"]
[Source "ChessBase"]
[SourceDate "2023.10.10"]
[SourceVersion "1"]
[SourceVersionDate "2023.10.10"]
[SourceQuality "1"]

1. e4 g6 2. d4 Bg7 3. Nc3 a6 4. Be3 b5 5. Qd2 Bb7 6. f3 d6 7. a4 b4 8. Nd1 a5 9. c3 bxc3 10. Nxc3 Nd7 11. Bb5 c6 12. Bd3 Ngf6 13. Nge2 e5 14. 0-0 0-0 15. Kh1 d5 16. exd5 cxd5 17. Bh6 e4 18. Bb5 Qe7 19. Bxg7 Kxg7 20. Ng3 h5 21. Qg5 Rh8 22. Nf5+ Kf8 23. Nxe7 1-0

[Event "Titled Tuesday intern op 04th Jul Late"]
[Site "Chess.com INT"]
[Date "2023.07.04"]
[Round "2"]
[White "Martinez Lopez, David"]
[Black "Rees, Ioan"]
[Result "1-0"]
[WhiteElo "2386"]
[BlackElo "2293"]
[PlyCount "111"]
[EventDate "2023.07.04"]
[EventType "swiss (blitz)"]
[EventRounds "11"]
[EventCountry "USA"]
[SourceTitle "EXT 2024"]
[Source "ChessBase"]
[SourceDate "2023.10.10"]
[SourceVersion "1"]
[SourceVersionDate "2023.10.10"]
[SourceQuality "1"]

1. d4 d5 2. c4 e6 3. Nc3 Nf6 4. cxd5 exd5 5. Bg5 Nbd7 6. e3 c6 7. Bd3 Be7 8. Nf3 Nh5 9. Bxe7 Qxe7 10. 0-0 0-0 11. Rb1 a5 12. a3 Nhf6 13. Qc2 g6 14. b4 axb4 15. axb4 Nb6 16. Ne5 Be6 17. b5 c5 18. dxc5 Qxc5 19. Rfc1 Rfc8 20. Qd2 Qd6 21. Nf3 Nc4 22. Bxc4 Rxc4 23. Nd4 Rac8 24. Nce2 Ne4 25. Qb2 Qc7 26. f3 Nc3 27. Nxc3 Rxc3 28. Rxc3 Qxc3 29. Qxc3 Rxc3 30. Kf2 Kf8 31. Ra1 Ke7 32. Ra8 Rc8 33. Ra7 Rc7 34. b6 Rd7 35. Nb5 Bf5 36. g4 Bd3 37. Nc7 Kd6 38. Rxb7 Kc6 39. Rb8 d4 40. exd4 Rxd4 41. Ke3 Rd7 42. Ne8 Ba6 43. Nf6 Re7+ 44. Kf4 h5 45. Ra8 Bb7 46. Ra3 hxg4 47. fxg4 Kxb6 48. h4 Kc5 49. Rd3 Re6 50. Kg5 Be4 51. Rd7 Bc6 52. Rxf7 Kd4 53. Kxg6 Be4+ 54. Kg5 Re5+ 55. Kf4 Bc2 56. Rd7+ 1-0

[Event "Titled Tuesday intern op 04th Jul Early"]
[Site "Chess.com INT"]
[Date "2023.07.04"]
[Round "3"]
[White "Martinez Lopez, David"]
[Black "Talibov, Shiroghlan"]
[Result "0-1"]
[WhiteElo "2386"]
[BlackElo "2348"]
[PlyCount "104"]
[EventDate "2023.07.04"]
[EventType "swiss (blitz)"]
[EventRounds "11"]
[EventCountry "USA"]
[SourceTitle "EXT 2024"]
[Source "ChessBase"]
[SourceDate "2023.10.10"]
[SourceVersion "1"]
[SourceVersionDate "2023.10.10"]
[SourceQuality "1"]

1. e4 c5 2. Nf3 d6 3. d4 cxd4 4. Nxd4 Nf6 5. Nc3 a6 6. Bc4 b5 7. Bb3 e6 8. 0-0 Bb7 9. Re1 Qc8 10. Qf3 Nc6 11. Nxc6 Bxc6 12. a3 Be7 13. Qg3 0-0 14. Bh6 Ne8 15. Rad1 Kh8 16. Bg5 Nf6 17. Qh4 Qc7 18. Rd3 Ng8 19. Bxe7 Nxe7 20. Red1 Rad8 21. Rh3 h6 22. Qg5 Ng6 23. Bxe6 fxe6 24. Qxg6 Rf6 25. Qg3 Qf7 26. f3 d5 27. exd5 exd5 28. Ne2 Re8 29. Nd4 Bd7 30. Rh4 Qe7 31. Rh5 Bc8 32. Kf1 Qc5 33. Re5 Ref8 34. c3 a5 35. Rde1 b4 36. Re7 R6f7 37. Rxf7 Rxf7 38. axb4 axb4 39. Re8+ Kh7 40. Qe1 bxc3 41. Qxc3 Ba6+ 42. Kf2 Qa7 43. Qe3 Rb7 44. b3 Rc7 45. Qe5 Rf7 46. Qe3 Qc7 47. Ne6 Qc2+ 48. Kg3 Qg6+ 49. Kf2 Qc2+ 50. Kg3 Bb5 51. Nf8+ Kg8 52. Ra8 Qc6 0-1

[Event "Titled Tuesday intern op 04th Jul Early"]
[Site "Chess.com INT"]
[Date "2023.07.04"]
[Round "2"]
[White "Tabak, Stefan"]
[Black "Martinez Lopez, David"]
[Result "0-1"]
[WhiteElo "2129"]
[BlackElo "2386"]
[PlyCount "98"]
[EventDate "2023.07.04"]
[EventType "swiss (blitz)"]
[EventRounds "11"]
[EventCountry "USA"]
[SourceTitle "EXT 2024"]
[Source "ChessBase"]
[SourceDate "2023.10.10"]
[SourceVersion "1"]
[SourceVersionDate "2023.10.10"]
[SourceQuality "1"]

1. e4 e6 2. d4 d5 3. e5 c5 4. c3 Qb6 5. Nf3 Nc6 6. a3 c4 7. Nbd2 Na5 8. Rb1 Bd7 9. h4 Ne7 10. b4 cxb3 11. Nxb3 Ba4 12. Nxa5 Qxa5 13. Qd2 b6 14. c4 Qxd2+ 15. Bxd2 dxc4 16. Bxc4 Rc8 17. Bd3 Nd5 18. 0-0 Be7 19. Rfc1 Kd7 20. Be4 Bc6 21. Rb3 h6 22. Ne1 Rc7 23. g3 Rhc8 24. Rcb1 Bb7 25. Nf3 Bf8 26. Nh2 Ne7 27. Bxb7 Rxb7 28. Nf1 Nd5 29. Ne3 Nxe3 30. Bxe3 Rbc7 31. Kg2 Rc4 32. Rd3 Kc6 33. Rbb3 Kd5 34. Rb5+ Kc6 35. Rbb3 a6 36. Rdc3 Rxc3 37. Rxc3+ Kb7 38. Rb3 Rc6 39. Kf3 Be7 40. Ke4 Rc4 41. h5 b5 42. Kd3 Kc6 43. Bc1 Kd5 44. Bb2 Bd8 45. Rc3 Ba5 46. Rxc4 bxc4+ 47. Kc2 Be1 48. f3 Bxg3 49. Bc3 Bf2 0-1

[Event "Titled Tuesday intern op 27th Jun Late"]
[Site "Chess.com INT"]
[Date "2023.06.27"]
[Round "1"]
[White "Sarkar, Justin"]
[Black "Martinez Lopez, David"]
[Result "0-1"]
[WhiteElo "2320"]
[BlackElo "2386"]
[PlyCount "62"]
[EventDate "2023.06.27"]
[EventType "swiss (blitz)"]
[EventRounds "11"]
[EventCountry "USA"]
[SourceTitle "EXT 2024"]
[Source "ChessBase"]
[SourceDate "2023.10.10"]
[SourceVersion "1"]
[SourceVersionDate "2023.10.10"]
[SourceQuality "1"]

1. e4 e6 2. d4 d5 3. Nc3 Nf6 4. e5 Nfd7 5. Be3 c5 6. f4 Nc6 7. Nf3 cxd4 8. Nxd4 Bc5 9. Qd2 0-0 10. 0-0-0 a6 11. Qf2 Nxd4 12. Bxd4 b6 13. h4 Bb7 14. h5 Rc8 15. h6 g6 16. g4 b5 17. g5 b4 18. Ne2 Qb6 19. Kb1 a5 20. Bxc5 Nxc5 21. Bg2 a4 22. Qd4 Ba6 23. Ng1 b3 24. cxb3 axb3 25. a3 Qc6 26. Rc1 Bd3+ 27. Ka1 Bc4 28. Rxc4 Qb5 29. Rc1 Nd3 30. Rxc8 Rxc8 31. Nf3 Rc4 0-1

[Event "La Roda op 45th"]
[Site "La Roda"]
[Date "2018.03.29"]
[Round "3"]
[White "Romero Calduch, Sergio"]
[Black "Martinez Lopez, David"]
[Result "1-0"]
[WhiteElo "2174"]
[BlackElo "2368"]
[PlyCount "59"]
[EventDate "2018.03.28"]
[EventType "swiss"]
[EventRounds "9"]
[EventCountry "ESP"]
[SourceTitle "CBM 183 Extra"]
[Source "ChessBase"]
[SourceDate "2018.04.19"]
[SourceVersion "1"]
[SourceVersionDate "2018.04.19"]
[SourceQuality "1"]

1. d4 e6 2. Nf3 Nf6 3. e3 b6 4. Bd3 Bb7 5. 0-0 d5 6. c4 Bd6 7. b3 0-0 8. Nc3 Nbd7 9. Bb2 a6 10. Rc1 Re8 11. Na4 dxc4 12. bxc4 e5 13. Bb1 e4 14. Nd2 Qe7 15. c5 bxc5 16. dxc5 Nxc5 17. Nxc5 Bxc5 18. Bxf6 gxf6 19. Nxe4 Bb6 20. Ng3 Qe5 21. Rc4 Qd5 22. Qxd5 Bxd5 23. Rg4+ Kh8 24. Rh4 Re6 25. Bxh7 Kg7 26. Nf5+ Kf8 27. Rg4 Ke8 28. Rd1 Re5 29. Rg8+ Kd7 30. Rxa8 1-0

[Event "ESP-ch 80th"]
[Site "Linares"]
[Date "2015.08.30"]
[Round "8"]
[White "Del Rio de Angelis, Salvador Gabriel"]
[Black "Martinez Lopez, David"]
[Result "1-0"]
[WhiteElo "2511"]
[BlackElo "2305"]
[PlyCount "103"]
[EventDate "2015.08.23"]
[EventType "swiss"]
[EventRounds "9"]
[EventCountry "ESP"]
[SourceTitle "EXT 2016"]
[Source "ChessBase"]
[SourceDate "2015.10.08"]
[SourceVersion "1"]
[SourceVersionDate "2015.10.08"]
[SourceQuality "1"]

1. d4 e6 2. Nf3 Nf6 3. e3 b6 4. Bd3 Bb7 5. 0-0 d5 6. c4 Bd6 7. Nc3 0-0 8. b3 c5 9. cxd5 exd5 10. Bb2 Nc6 11. Bf5 Ne7 12. Bh3 Ng6 13. Rc1 Ba6 14. dxc5 bxc5 15. Re1 c4 16. Qd4 Qa5 17. bxc4 Bxc4 18. Nd2 Rab8 19. Ba1 Bxa2 20. Rc2 Bb3 21. Nxb3 Rxb3 22. Ra2 Ra3 23. Rxa3 Bxa3 24. Rd1 Rd8 25. Ne4 Be7 26. Ng3 Ne8 27. Bc3 Qc7 28. Qd2 Qc4 29. Nf5 Bf6 30. Ba5 Rb8 31. g3 Rb5 32. Bf1 Rb2 33. Qxb2 Qxf1+ 34. Kxf1 Bxb2 35. Rxd5 f6 36. Rd7 a6 37. f4 Ba3 38. Ra7 Nf8 39. Rxa6 g6 40. Nd4 Bc5 41. Ke2 Kf7 42. Nb3 Bd6 43. Ra7+ Kg8 44. Bc3 f5 45. Kd3 Ne6 46. Kc4 Bf8 47. Be5 Nd8 48. Nd4 Nf7 49. Ra8 Ned6+ 50. Bxd6 Nxd6+ 51. Kd5 Nb5 52. Nxb5 1-0

[Event "ESP-ch 80th"]
[Site "Linares"]
[Date "2015.08.28"]
[Round "6"]
[White "Cuenca Jimenez, Jose Fernando"]
[Black "Martinez Lopez, David"]
[Result "1/2-1/2"]
[WhiteElo "2526"]
[BlackElo "2305"]
[PlyCount "139"]
[EventDate "2015.08.23"]
[EventType "swiss"]
[EventRounds "9"]
[EventCountry "ESP"]
[SourceTitle "EXT 2016"]
[Source "ChessBase"]
[SourceDate "2015.10.08"]
[SourceVersion "1"]
[SourceVersionDate "2015.10.08"]
[SourceQuality "1"]

1. d4 Nf6 2. c4 e6 3. Nc3 Bb4 4. Qc2 d6 5. Bg5 Nbd7 6. e3 b6 7. Bd3 Bb7 8. f3 h6 9. Bh4 c5 10. a3 Bxc3+ 11. bxc3 0-0 12. Ne2 Rc8 13. Qa4 Qc7 14. 0-0 Rfe8 15. Rab1 Bc6 16. Qc2 Bb7 17. Qd2 Ba6 18. Rbc1 Qc6 19. Qd1 b5 20. cxb5 Bxb5 21. c4 Ba6 22. Kh1 cxd4 23. exd4 Qa8 24. Qa4 Bb7 25. Nc3 Rc6 26. d5 Ra6 27. Qd1 exd5 28. cxd5 Ra5 29. Nb5 Qb8 30. Be1 Ra6 31. Nc7 Rxe1 32. Rxe1 Rxa3 33. Nb5 Ra5 34. Ra1 Rxa1 35. Qxa1 a6 36. Nc3 Qc7 37. Rc1 Nc5 38. Na4 Bxd5 39. Nxc5 dxc5 40. Qxa6 c4 41. Bxc4 Bxc4 42. Qxc4 Qxc4 43. Rxc4 Kh7 44. Rc6 Nd5 45. Rd6 Nf4 46. g3 Ng6 47. Kg2 f6 48. f4 Ne7 49. Rd7 Nf5 50. g4 Nh4+ 51. Kg3 Ng6 52. h4 Nf8 53. Re7 Ng6 54. Re8 Nh8 55. h5 Nf7 56. Rf8 Nd6 57. Kf3 Nb7 58. Ke3 Nc5 59. Re8 Nb7 60. Kd4 Nd6 61. Rb8 f5 62. g5 hxg5 63. fxg5 Ne4 64. g6+ Kh6 65. Rh8+ Kg5 66. Ke5 Nf6 67. Ke6 Nxh5 68. Kf7 f4 69. Ra8 f3 70. Ra2 1/2-1/2

[Event "ESP-ch 80th"]
[Site "Linares"]
[Date "2015.08.25"]
[Round "3"]
[White "Martinez Lopez, David"]
[Black "Espinosa Aranda, Angel"]
[Result "1-0"]
[WhiteElo "2305"]
[BlackElo "2427"]
[PlyCount "113"]
[EventDate "2015.08.23"]
[EventType "swiss"]
[EventRounds "9"]
[EventCountry "ESP"]
[SourceTitle "EXT 2016"]
[Source "ChessBase"]
[SourceDate "2015.10.08"]
[SourceVersion "1"]
[SourceVersionDate "2015.10.08"]
[SourceQuality "1"]

1. d4 c5 2. d5 Nf6 3. c4 g6 4. Nc3 Bg7 5. e4 d6 6. f3 0-0 7. Nge2 e6 8. Ng3 exd5 9. cxd5 a6 10. a4 h5 11. Be2 Nh7 12. Be3 Nd7 13. 0-0 h4 14. Nh1 f5 15. exf5 gxf5 16. Nf2 f4 17. Bd2 Ne5 18. Nce4 Nf6 19. Nxf6+ Qxf6 20. Kh1 Qg6 21. a5 Bd7 22. Rc1 Bb5 23. b4 c4 24. Ne4 Rac8 25. Bc3 Rc7 26. Qe1 Qh6 27. Qf2 Rfc8 28. Qb6 Nf7 29. Bxg7 Kxg7 30. Rc3 Kf8 31. Rfc1 Ke7 32. Bf1 Ne5 33. Re1 Rd7 34. Nc5 Qf6 35. Nxd7 Kxd7 36. Qd4 h3 37. gxh3 Rg8 38. Bg2 Qg6 39. Rg1 Qf6 40. Re1 Qg6 41. Rg1 Qf6 42. Rc2 Qf5 43. Qe4 Qg5 44. h4 Qxh4 45. Qe1 Qh7 46. Qe4 Qh4 47. Bh3+ Qxh3 48. Rxg8 Kc7 49. Rcg2 Qh4 50. Rf8 Nd7 51. Rg7 Qf2 52. Rxf4 c3 53. Rg2 Qf1+ 54. Rg1 Qf2 55. Qd4 Qb2 56. Re4 Ne5 57. Qd1 1-0

[Event "La Roda op 42nd"]
[Site "La Roda"]
[Date "2015.04.04"]
[Round "7"]
[White "Martinez Lopez, David"]
[Black "Smirnov, Artem"]
[Result "0-1"]
[WhiteElo "2290"]
[BlackElo "2456"]
[PlyCount "62"]
[EventDate "2015.04.01"]
[EventType "swiss"]
[EventRounds "9"]
[EventCountry "ESP"]
[SourceTitle "CBM 165 Extra"]
[Source "ChessBase"]
[SourceDate "2015.04.21"]
[SourceVersion "1"]
[SourceVersionDate "2015.04.21"]
[SourceQuality "1"]

1. e4 c5 2. Nf3 d6 3. d4 cxd4 4. Nxd4 Nf6 5. Nc3 Bd7 6. Bc4 e6 7. 0-0 Nc6 8. Be3 Be7 9. Bb3 0-0 10. f4 Nxd4 11. Bxd4 Bc6 12. Qe2 b5 13. Nxb5 Bxb5 14. Qxb5 Nxe4 15. Qe2 d5 16. Rad1 Bc5 17. Bxc5 Nxc5 18. f5 Qb6 19. Kh1 Ne4 20. c4 exf5 21. Rxd5 Rfe8 22. Qf3 g6 23. g3 Nf6 24. Rd2 Re3 25. Qg2 Rae8 26. Bd1 Ne4 27. Rc2 Nc5 28. g4 f4 29. g5 Nd3 30. Be2 Ne1 31. Rxe1 f3 0-1

[Event "ESP-ch 79th"]
[Site "Linares"]
[Date "2014.09.02"]
[Round "9"]
[White "Pallardo Lozoya, Jose Vicente"]
[Black "Martinez Lopez, David"]
[Result "1-0"]
[WhiteElo "2387"]
[BlackElo "2209"]
[PlyCount "73"]
[EventDate "2014.08.25"]
[EventType "swiss"]
[EventRounds "9"]
[EventCountry "ESP"]
[SourceTitle "CBM 162 Extra"]
[Source "ChessBase"]
[SourceDate "2014.10.17"]
[SourceVersion "1"]
[SourceVersionDate "2014.10.17"]
[SourceQuality "1"]

1. e4 e6 2. b3 d5 3. Bb2 dxe4 4. Nc3 Nf6 5. Nge2 Be7 6. Ng3 0-0 7. Qe2 Nc6 8. 0-0-0 a5 9. h4 e5 10. Ncxe4 Re8 11. Nxf6+ Bxf6 12. Ne4 Be7 13. Qh5 g6 14. Qh6 Bf8 15. Qg5 Be7 16. Qe3 a4 17. Bc4 Be6 18. Bxe6 fxe6 19. h5 g5 20. h6 axb3 21. axb3 Rf8 22. Rh5 Rf5 23. Kb1 Qd5 24. d3 Nd4 25. Nxg5 Qxg2 26. Bxd4 Bxg5 27. Qe4 Qxe4 28. dxe4 exd4 29. exf5 Bf6 30. fxe6 d3 31. c3 Bxc3 32. Rxd3 Bf6 33. Rhd5 Re8 34. Re3 Ra8 35. Rf5 Bd4 36. Rg3+ Kh8 37. e7 1-0

[Event "La Roda op 41st"]
[Site "La Roda"]
[Date "2014.04.19"]
[Round "7"]
[White "Martinez Lopez, David"]
[Black "Strikovic, Aleksa"]
[Result "0-1"]
[WhiteElo "2229"]
[BlackElo "2533"]
[PlyCount "34"]
[EventDate "2014.04.16"]
[EventType "swiss"]
[EventRounds "9"]
[EventCountry "ESP"]
[SourceTitle "CBM 159 Extra"]
[Source "ChessBase"]
[SourceDate "2014.04.24"]
[SourceVersion "1"]
[SourceVersionDate "2014.04.24"]
[SourceQuality "1"]

1. e4 c5 2. Nf3 e6 3. d4 cxd4 4. Nxd4 a6 5. Bd3 Nf6 6. Nc3 d6 7. Be3 g6 8. Nb3 Bg7 9. f3 0-0 10. Qd2 Nbd7 11. 0-0-0 Re8 12. Bh6 Bxh6 13. Qxh6 Qc7 14. h4 Ne5 15. Be2 b5 16. h5 b4 17. Nb1 Bb7 0-1